| 000 | 01519cam a22002771 4500 | ||
|---|---|---|---|
| 999 |
_c9336 _d9336 |
||
| 001 | 9336 | ||
| 003 | BD-JhCC | ||
| 005 | 20180320090108.0 | ||
| 008 | 720420s1965 enk b 000 0 eng | ||
| 035 | _a(BD-JhCC)9336 | ||
| 035 | _aocm01175533 | ||
| 035 | _a162078 | ||
| 040 |
_aDLC _cDLC _dOCL _dUKM _dBUF _dCUD _dBD-JhCC |
||
| 041 | _aeng | ||
| 050 | 0 |
_aPS88 _b.T25 |
|
| 082 |
_a810.9 _bTAN 1965 |
||
| 100 | 1 | _aTanner, Tony. | |
| 245 | 1 | 4 |
_aThe reign of wonder : _bnaivety and reality in American literature / _cTony Tanner |
| 260 |
_aCambridge [Eng.] _bUniversity Press, _c1965. |
||
| 300 |
_aviii, 388 p. _c23 cm. |
||
| 504 | _aBibliography: p. 362-380. | ||
| 505 | 0 | 0 |
_tThe sleep of reason -- _tThe transcendentalists: _tSaints behold: the transcendentalist point of view -- _tEmerson: the unconquered eye and the enchanted circle -- _tThoreau and the sauntering eye -- _tWalt Whitman's ecstatic first step -- _tTranscendentalism and imagism -- _tMark Twain: _tThe doctors of the wilderness -- _tA system of reduction -- _tThe voice of the outlaw -- _tThe pond of youth -- _tHuck Finn and the reflections of a saphead -- _tThe twentieth century: _tGertrude Stein and the complete actual present -- _tSherwood Anderson's little things -- _tErnest Hemingway's unhurried sensations -- _tHenry James: _tThe candid outsider -- _tThe range of wonderment -- _tThe subjective adventure -- _tWonder and alienation -the mystic and the moviegoer. |
| 650 | 0 |
_aAmerican literature _xHistory and criticism. |
|
| 942 |
_2ddc _cBK |
||